| 000 | 01212nam a2200229Ia 4500 | ||
|---|---|---|---|
| 999 |
_c55739 _d55739 |
||
| 001 | 22834 | ||
| 003 | GE_BSU | ||
| 005 | 20230519161810.0 | ||
| 008 | 181216s ||||ge |||||||||||||| ||geo|| | ||
| 020 | _aISSN 1987-5916 | ||
| 040 | _cGE_BSU | ||
| 041 | _ageo | ||
| 080 | _a378.4(479.223)(063) ჩ-55 | ||
| 245 |
_aჩვენი სულიერების ბალავარი : _bსაერთაშორისო სამეცნიერო კონფერენციის მასალები 22-24 აპრილი / _cსარედ. კოლეგ. : ბიჭიკო დიასამიძე (მთ.რედ), მ. ლორია, მ. მეგრელიშვილი და სხვა. |
||
| 264 |
_aბათუმი : _bბსუ, _c2009. |
||
| 300 |
_a200 გვ. : _bილ. ; _c20 სმ. |
||
| 520 | _aრეზიუმე ტექსტ. ბოლოს ინგლ. ენ. | ||
| 541 | _h10 ლ. | ||
| 653 | _aსაერთაშორისო სამეცნიერო კონფერენციის მასალები | ||
| 653 | _aჩვენი სულიერების ბალავარი | ||
| 942 |
_cBK _2udc |
||